IFM Opac

Acquisitions (Record no. 19108)

MARC details
000 -LEADER
fixed length control field 00340nam a22001457a 4500
020 ## - INTERNATIONAL STANDARD BOOK NUMBER
International Standard Book Number 0837198909
082 ## - DEWEY DECIMAL CLASSIFICATION NUMBER
Classification number 025.2 GRI
100 ## - MAIN ENTRY--PERSONAL NAME
Personal name GRIEDER, Theodore
245 ## - TITLE STATEMENT
Title Acquisitions
260 ## - PUBLICATION, DISTRIBUTION, ETC.
Place of publication, distribution, etc. England
Name of publisher, distributor, etc. Greenwood Press
Date of publication, distribution, etc. 1978
300 ## - PHYSICAL DESCRIPTION
Extent x,277p.
Other physical details ill.;24cm
500 ## - GENERAL NOTE
General note Include: Index
650 ## - SUBJECT ADDED ENTRY--TOPICAL TERM
Topical term or geographic name entry element Where, What, and How
942 ## - ADDED ENTRY ELEMENTS (KOHA)
Koha item type Books
Holdings
Withdrawn status Lost status Damaged status Not for loan Home library Current library Shelving location Date acquired Total Checkouts Full call number Barcode Date last seen Price effective from Koha item type
        IFM Main Campus Library IFM Main Campus Library Archival Collection 10/11/2015   025.2 GRI 0000012581 10/11/2017 02/19/2022 Books